000
00285nam a22001217a 4500
003
SGT
082
_a
617.7
_b
S08R
100
_a
RANI, PADMAYA KUMARI
245
_a
THE SANKARA NETHRALAYA ATLAS OF RETINAL DISEASES
260
_a
INDIA
_b
JAYPEE
_c
2008
300
_a
592
942
_2
ddc
_c
BK
999
_c
14997
_d
14997